effectiveness of conservation on important waterbirds at bralay commune, stung district in kampong thom province (ប្រសិទ្ធភាពនៃការអភិរក្សសត្វស្លាបទឹកសំខាន់ៗនៅឃុំប្រឡាយ ស្រុកស្ទោង ខេត្តកំពង់ធំ) (Record no. 3346)

000 -LEADER
fixed length control field 00667nam a22001457a 4500
003 - CONTROL NUMBER IDENTIFIER
control field OSt
005 - DATE AND TIME OF LATEST TRANSACTION
control field 20151112110507.0
008 - FIXED-LENGTH DATA ELEMENTS--GENERAL INFORMATION
fixed length control field 151112b xxu||||| |||| 00| 0 eng d
040 ## - CATALOGING SOURCE
Transcribing agency RUA
082 ## - DEWEY DECIMAL CLASSIFICATION NUMBER
Classification number FOR KEO 2004 B130 Or.1
100 ## - MAIN ENTRY--PERSONAL NAME
9 (RLIN) 3596
Personal name KEO, SOPHAL.
245 ## - TITLE STATEMENT
Title effectiveness of conservation on important waterbirds at bralay commune, stung district in kampong thom province (ប្រសិទ្ធភាពនៃការអភិរក្សសត្វស្លាបទឹកសំខាន់ៗនៅឃុំប្រឡាយ ស្រុកស្ទោង ខេត្តកំពង់ធំ)
260 ## - PUBLICATION, DISTRIBUTION, ETC. (IMPRINT)
Place of publication, distribution, etc. Phnom Penh
Name of publisher, distributor, etc. RUA
Date of publication, distribution, etc. 2004
942 ## - ADDED ENTRY ELEMENTS (KOHA)
Source of classification or shelving scheme
Koha item type FOR
Holdings
Price effective from Date last seen Permanent Location Not for loan Date acquired Source of classification or shelving scheme Koha item type Barcode Lost status Damaged status Shelving location Withdrawn status Current Location Full call number
2015-11-122015-11-12Library Block B 2015-11-12 FORRUA027536  B130 Library Block BFOR KEO 2004 B130 Or.1
2015-11-122015-11-12Library Block B 2015-11-12 FORRUA027512  B130 Library Block BFOR KEO 2004 B130 Or.2
2015-11-122015-11-12Library Block B 2015-11-12 FORRUA027601  B130 Library Block BFOR KEO 2004 B130 Or.3
2015-11-122015-11-12Library Block B 2015-11-12 FORRUA027529  B130 Library Block BFOR KEO 2004 B130 Or.4
មជ្ឈមណ្ឌលឯការនៃសាកលវិទ្យាល័យភូមិន្ទកសិកម្មចំការដូង

Powered by Koha